Transport a logistika

Bibliographic Details
New Title:Transport a logistika
Other Authors: Pokorná, Miriam (Publishing director), Bujna, Vladimír (Publishing director), Borovský, Vladislav (Publishing director), Sotník, Alexander (Publishing director)
Format: Journal
Language:Slovak
PhysicalDescription:13 zv. 30 cm
Published: Bratislava Luxur MDPT SR 1999-2/2011
Bratislava Luxur Media MDPT SR
ISSN:1335-7433
1338-3809
Subjects:

MARC

LEADER 00000cas a2200000 a 4500
001 vtls001468950
003 SK-MaSNL
005 20260228155825.0
008 170706d19992011xo mr|p 0 0b0slo
022 |a 1335-7433 
035 |a SNK000424255 
035 |a (SVKBB03)vtls000039956 
040 |a SNK  |b slo  |c SNK  |d SAVUK  |d SVKBB  |d SNK  |e AACR2 
041 0 |a slo 
044 |a xo  |c SK 
072 7 |a 656  |x Doprava  |2 konspekt 
080 |a 656.025.4  |2 2011 
080 |a 050  |2 2001 
080 |a (051)-048.55  |2 2011 
210 0 |a Doprav. nov. Transp. 
222 0 |a Dopravné noviny Transport 
245 0 0 |a Transport a logistika 
246 1 3 |a Transport 
246 1 |i Názov v tiráži:  |a Top magazín Transport 
260 |a Bratislava  |b Luxur  |b MDPT SR  |c 1999-2/2011 
260 3 |3 2009-2/2011  |a Bratislava  |b Luxur Media  |b MDPT SR 
300 |a 13 zv.  |c 30 cm 
310 |a 1x mesačne  |b 2009-2/2011 
321 |a 24x ročne  |b 1999-2008 
362 0 |a Roč. 1, č. 1 (1999)-roč. 13, č. 2 (2011) 
500 |a Od č. 1/1999-č. 6/1999 v tiráži podnázov: mesačník, dvojtýždenník pre dopravu, zasielateľstvo a logistiku 
500 |a Od č. 7/1999-č. 1/2008 v tiráži podnázov: dvojtýždenník pre dopravu, zasielateľstvo, logistiku a veľkoobchod 
500 |a Od č. 2/2009-č. 2/2011 v tiráži podnázov: mesačník pre dopravu, zasielateľstvo, logistiku a veľkoobchod 
500 |a Od r. 2009-č. 2/2011 podnázov: top magazín o motorizme, doprave, zasielateľstve a logistike 
500 |a Od č. 8/2000-č. 1/2007 podnázov: rezortný časopis 
500 |a Od č. 2/2007-2008 podnázov: rezortný dvojtýždenník 
500 |a Reg. číslo: MK SR 2056/99 
500 |a Evidenčné číslo: EV 2871/09 
500 |a Šéfredaktor: č. 1/1999-č. 2/2005, Miriam Pokorná ; č. 3/2006-č. 23-24/2006, Vladimír Bujna ; 2007-č. 23-24/2008, Vladislav Borovský ; 2009-2/2011, Alexander Sotník 
515 |a Niektoré čísla vychádzajú ako dvojčíslo 
515 |a Chybne označený rok v č. 1/2010 - správne č. 1/2011 
525 |a Prílohy: samostatne nepredajná príloha Transport burza - eurokomis - od č. 7/2009 je zviazaná s hlavným titulom ; Všeobecné zasielateľské podmienky Zväzu zasielateľov Slovenska 
525 |a Mimoriadna príloha: apríl/1999 
525 |a Samostatná príloha: Truck services SK - inzertná príloha nákladnej a návesovej techniky 
525 |a Špeciálna príloha: Inteligentné bezpečnostné kamerové systémy 
650 0 7 |a nákladná doprava  |2 SNKPH  |9 68181 
650 0 7 |a dopravná logistika  |2 SNKPH  |9 91341 
655 7 |a špecializované časopisy  |2 SNKPH  |9 70509 
700 1 |a Pokorná, Miriam  |4 pbd  |9 13108 
700 1 |a Bujna, Vladimír  |4 pbd  |9 265399 
700 1 |a Borovský, Vladislav  |4 pbd  |9 265400 
700 1 |a Sotník, Alexander  |4 pbd  |9 265401 
770 0 |t Truck services SK  |w vtls011701195 
785 0 0 |t Transport a logistika  |x 1338-3809  |w vtls010297582 
852 |a Štátna vedecká knižnica v Banskej Bystrici 
910 |a savuk 
910 |a snk 
916 |a 1999-2/2011 
958 |a OND 
999 |c 681  |d 681 
952 |0 0  |1 0  |4 0  |7 0  |8 0  |a SNK  |b SNK  |d 2017-06-29  |f 1  |i snk2017/15220  |l 0  |o snkČSB 5257/7/2005/1  |p 17A1207243  |r 2026-02-21 19:32:59  |t č. 1-13  |w 2026-02-21  |y PREZ 
952 |0 0  |1 0  |4 0  |7 0  |8 0  |a SNK  |b SNK  |d 2005-08-23  |f 1  |i snk2005/14573  |l 0  |o snkČSB 5257/5/2003/1  |p 17A0477170  |r 2026-02-21 21:08:58  |t č. 1-10  |w 2026-02-21  |y PREZ 
952 |0 0  |1 0  |4 0  |7 0  |8 0  |a SNK  |b SNK  |d 2005-08-23  |i snk2005/14574  |l 0  |o snkČSB 5257/5/2003/1 D1  |p 17A0477172  |r 2026-02-21 21:08:58  |t č. 1-10  |w 2026-02-21  |y PREZ 
952 |0 0  |1 0  |4 0  |7 0  |8 0  |a SNK  |b SNK  |d 2005-08-23  |f 1  |i snk2005/14575  |l 0  |o snkČSB 5257/5/2003/2  |p 17A0477171  |r 2026-02-21 21:08:58  |t č. 11-24  |w 2026-02-21  |y PREZ 
952 |0 0  |1 0  |4 0  |7 0  |8 0  |a SNK  |b SNK  |d 2005-08-23  |i snk2005/14576  |l 0  |o snkČSB 5257/5/2003/2 D1  |p 17A0477173  |r 2026-02-21 21:08:58  |t č. 11-24  |w 2026-02-21  |y PREZ 
952 |0 0  |1 0  |4 0  |7 0  |8 0  |a SNK  |b SNK  |d 2005-08-23  |f 1  |i snk2005/14581  |l 0  |o snkČSB 5257/6/2004/1  |p 17A0477174  |r 2026-02-21 21:40:12  |t č. 1-10  |w 2026-02-21  |y PREZ 
952 |0 0  |1 0  |4 0  |7 0  |8 0  |a SNK  |b SNK  |d 2005-08-23  |i snk2005/14582  |l 0  |o snkČSB 5257/6/2004/1 D1  |p 17A0477176  |r 2026-02-21 21:40:12  |t č. 1-10  |w 2026-02-21  |y PREZ 
952 |0 0  |1 0  |4 0  |7 0  |8 0  |a SNK  |b SNK  |d 2005-08-23  |f 1  |i snk2005/14583  |l 0  |o snkČSB 5257/6/2004/2  |p 17A0477175  |r 2026-02-21 21:40:12  |t č. 11-24  |w 2026-02-21  |y PREZ 
952 |0 0  |1 0  |4 0  |7 0  |8 0  |a SNK  |b SNK  |d 2005-08-23  |i snk2005/14584  |l 0  |o snkČSB 5257/6/2004/2 D1  |p 17A0477177  |r 2026-02-21 21:40:12  |t č. 11-24  |w 2026-02-21  |y PREZ 
952 |0 0  |1 0  |4 0  |7 0  |8 0  |a SNK  |b SNK  |d 2017-07-03  |f 1  |i snk2017/15410  |l 0  |o snkČSB 5257/11/2009/1  |p 17A1207227  |r 2026-02-21 22:24:58  |t č. 1-6 + 2 príl.  |w 2026-02-21  |y PREZ  |z Prílohy: Transport burza - eurokomis - v č. 4, 6 ; Chýba príloha v č. 2 
952 |0 0  |1 0  |4 0  |7 0  |8 0  |a SNK  |b SNK  |d 2017-07-03  |i snk2017/15411  |l 0  |o snkČSB 5257/11/2009/1 D1  |p 17A1207226  |r 2026-02-21 22:24:58  |t č. 1-6 + 1 príl.   |w 2026-02-21  |y PREZ  |z Prílohy: Transport burza - eurokomis - v č. 4 ; Chýba príl. v č. 2, 6 
952 |0 0  |1 0  |4 0  |7 0  |8 0  |a SNK  |b SNK  |d 2017-07-03  |f 1  |i snk2017/15413  |l 0  |o snkČSB 5257/11/2009/2  |p 17A1207225  |r 2026-02-21 22:24:58  |t č. 7-12  |w 2026-02-21  |y PREZ  |z Príloha Transport burza - eurokomis je od č. 7 zviazaná v titule 
952 |0 0  |1 0  |4 0  |7 0  |8 0  |a SNK  |b SNK  |d 2017-07-03  |i snk2017/15416  |l 0  |o snkČSB 5257/11/2009/2 D1  |p 17A1207224  |r 2026-02-21 22:24:59  |t č. 7-12  |w 2026-02-21  |y PREZ 
952 |0 0  |1 0  |4 0  |7 0  |8 0  |a SNK  |b SNK  |d 2017-07-03  |f 1  |i snk2017/15433  |l 0  |o snkČSB 5257/12/2010/1  |p 17A1207223  |r 2026-02-21 22:24:59  |t č. 1-6  |w 2026-02-21  |y PREZ 
952 |0 0  |1 0  |4 0  |7 0  |8 0  |a SNK  |b SNK  |d 2017-07-03  |i snk2017/15439  |l 0  |o snkČSB 5257/12/2010/1 D1  |p 17A1207222  |r 2026-02-21 22:24:59  |t č. 1-6  |w 2026-02-21  |y PREZ 
952 |0 0  |1 0  |4 0  |7 0  |8 0  |a SNK  |b SNK  |d 2017-07-03  |f 1  |i snk2017/15442  |l 0  |o snkČSB 5257/12/2010/2  |p 17A1207221  |r 2026-02-21 22:24:59  |t č. 7-12  |w 2026-02-21  |y PREZ 
952 |0 0  |1 0  |4 0  |7 0  |8 0  |a SNK  |b SNK  |d 2017-07-03  |i snk2017/15444  |l 0  |o snkČSB 5257/12/2010/2 D1  |p 17A1207220  |r 2026-02-21 22:24:59  |t č. 7-12  |w 2026-02-21  |y PREZ 
952 |0 0  |1 0  |4 0  |7 0  |8 0  |a SNK  |b SNK  |d 2017-07-03  |f 1  |i snk2017/15462  |l 0  |o snkČSB 5257/13/2011  |p 17A1207219  |r 2026-02-21 22:24:59  |t č. 1-2  |w 2026-02-21  |y PREZ  |z Od č. 3 pokračuje pod názvom Transport a logistika 
952 |0 0  |1 0  |4 0  |7 0  |8 0  |a SNK  |b SNK  |d 2017-07-03  |i snk2017/15469  |l 0  |o snkČSB 5257/13/2011 D1  |p 17A1207218  |r 2026-02-21 22:24:59  |t č. 1-2  |w 2026-02-21  |y PREZ  |z Od č. 3 pokračuje pod názvom Transport a logistika 
952 |0 0  |1 0  |4 0  |7 0  |a SNK  |b SNK  |d 2017-07-03  |f 1  |i snkČSP 1598/2003  |l 0  |o snkČSB 5257/1/1999  |p 17A0896600  |r 2026-02-21 22:24:59  |t č. 1-11 + 1 mim. príl.  |w 2026-02-21  |y PREZ  |z Mimoriadne vydanie - apríl 
952 |0 0  |1 0  |4 0  |7 0  |a SNK  |b SNK  |d 2017-07-03  |f 1  |i snkČSP 1596/2003  |l 0  |o snkČSB 5257/2/2000  |p 17A0896615  |r 2026-02-21 22:24:59  |t č. 1-21 + 1 príl.  |w 2026-02-21  |y PREZ  |z Prílohy: Všeobecné zasielateľské podmienky Zväzu zasielateľov Slovenska - v č. 8 
952 |0 0  |1 0  |4 0  |7 0  |a SNK  |b SNK  |d 2017-07-03  |f 1  |i snkČSP 1594/2003  |l 0  |o snkČSB 5257/3/2001  |p 17A0985203  |r 2026-02-21 22:24:59  |t č. 1-24  |w 2026-02-21  |y PREZ 
952 |0 0  |1 0  |4 0  |7 0  |8 0  |a SNK  |b SNK  |d 2017-06-29  |i snk2017/15229  |l 0  |o snkČSB 5257/7/2005/1 D1  |p 17A1207242  |r 2026-02-21 22:25:00  |t č. 1-13  |w 2026-02-21  |y PREZ 
952 |0 0  |1 0  |4 0  |7 0  |8 0  |a SNK  |b SNK  |d 2017-06-29  |f 1  |i snk2017/15244  |l 0  |o snkČSB 5257/7/2005/2  |p 17A1207241  |r 2026-02-21 22:25:00  |t č. 14-24  |w 2026-02-21  |y PREZ 
952 |0 0  |1 0  |4 0  |7 0  |8 0  |a SNK  |b SNK  |d 2017-06-29  |i snk2017/15245  |l 0  |o snkČSB 5257/7/2005/2 D1  |p 17A1207240  |r 2026-02-21 22:25:00  |t č. 14-24  |w 2026-02-21  |y PREZ 
952 |0 0  |1 0  |4 0  |7 0  |a SNK  |b SNK  |d 2017-07-06  |f 1  |i snkČSP 1484/2004  |l 0  |o snkČSB 5257/4/2002  |p 17A0985129  |r 2026-02-21 22:25:02  |t č. 1-24  |w 2026-02-21  |y PREZ 
952 |0 0  |1 0  |4 0  |7 0  |8 0  |a SNK  |b SNK  |d 2017-06-30  |f 1  |i snk2017/15316  |l 0  |o snkČSB 5257/8/2006/1  |p 17A1207239  |r 2026-02-21 22:25:03  |t č. 1-13  |w 2026-02-21  |y PREZ 
952 |0 0  |1 0  |4 0  |7 0  |8 0  |a SNK  |b SNK  |d 2017-06-30  |i snk2017/15317  |l 0  |o snkČSB 5257/8/2006/1 D1  |p 17A1207238  |r 2026-02-21 22:25:03  |t č. 1-13  |w 2026-02-21  |y PREZ 
952 |0 0  |1 0  |4 0  |7 0  |8 0  |a SNK  |b SNK  |d 2017-06-30  |f 1  |i snk2017/15319  |l 0  |o snkČSB 5257/8/2006/2  |p 17A1207237  |r 2026-02-21 22:25:03  |t č. 14-24  |w 2026-02-21  |y PREZ 
952 |0 0  |1 0  |4 0  |7 0  |8 0  |a SNK  |b SNK  |d 2017-06-30  |i snk2017/15321  |l 0  |o snkČSB 5257/8/2006/2 D1  |p 17A1207236  |r 2026-02-21 22:25:03  |t č. 14-24  |w 2026-02-21  |y PREZ 
952 |0 0  |1 0  |4 0  |7 0  |8 0  |a SNK  |b SNK  |d 2017-06-30  |f 1  |i snk2017/15338  |l 0  |o snkČSB 5257/9/2007/1  |p 17A1207235  |r 2026-02-21 22:25:07  |t č. 1-13 + 5 príl.  |w 2026-02-21  |y PREZ  |z Prílohy: Transport Burza - v č. 2, 6, 8, 10, 12/13 ; Chýba príl. v č. 4 
952 |0 0  |1 0  |4 0  |7 0  |8 0  |a SNK  |b SNK  |d 2017-06-30  |i snk2017/15339  |l 0  |o snkČSB 5257/9/2007/1 D1  |p 17A1207234  |r 2026-02-21 22:25:07  |t č. 1-13 + 2 príl.  |w 2026-02-21  |y PREZ  |z Prílohy: Transport Burza v č, 6, 10 ; Chýba príl. v č. 2, 4, 8, 12/13 
952 |0 0  |1 0  |4 0  |7 0  |8 0  |a SNK  |b SNK  |d 2017-06-30  |f 1  |i snk2017/15357  |l 0  |o snkČSB 5257/9/2007/2  |p 17A1207233  |r 2026-02-21 22:25:07  |t č. 14-24 + 4 príl.  |w 2026-02-21  |y PREZ  |z Prílohy: Transport Burza - v č. 15/16, 18, 20, 22 ;  
952 |0 0  |1 0  |4 0  |7 0  |8 0  |a SNK  |b SNK  |d 2017-06-30  |i snk2017/15358  |l 0  |o snkČSB 5257/9/2007/2 D1  |p 17A1207232  |r 2026-02-21 22:25:07  |t č. 14-24 + 1 príl.  |w 2026-02-21  |y PREZ  |z Prílohy: Transport Burza - v č. 18 ; Chýba príl. v č. 15/16, 20, 22 
952 |0 0  |1 0  |4 0  |7 0  |8 0  |a SNK  |b SNK  |d 2017-06-30  |f 1  |i snk2017/15360  |l 0  |o snkČSB 5257/10/2008/1  |p 17A1207231  |r 2026-02-21 22:25:07  |t č. 1-13 + 6 príl.  |w 2026-02-21  |y PREZ  |z Prílohy: Transport Burza - v č. 2, 4, 6, 8, 10, 12/13 
952 |0 0  |1 0  |4 0  |7 0  |8 0  |a SNK  |b SNK  |d 2017-06-30  |i snk2017/15363  |l 0  |o snkČSB 5257/10/2008/1 D1  |p 17A1207230  |r 2026-02-21 22:25:08  |t č. 1-13 + 3 príl.  |w 2026-02-21  |y PREZ  |z Prílohy: Transport Burza - v č. 2, 4, 8 ; Chýba príl. v č. 6, 10, 12/13 
952 |0 0  |1 0  |4 0  |7 0  |8 0  |a SNK  |b SNK  |d 2017-06-30  |f 1  |i snk2017/15372  |l 0  |o snkČSB 5257/10/2008/2  |p 17A1207229  |r 2026-02-21 22:25:08  |t č. 14-24 + 5 príl.  |w 2026-02-21  |y PREZ  |z Prílohy: Transport Burza - v č. 15/16, 18, 20, 22 ; Špeciálna príloha: Inteligentné bezpečnostné kamerové systémy - v č. 21 
952 |0 0  |1 0  |4 0  |7 0  |8 0  |a SNK  |b SNK  |d 2017-06-30  |i snk2017/15373  |l 0  |o snkČSB 5257/10/2008/2 D1  |p 17A1207228  |r 2026-02-21 22:25:08  |t č. 14-24 + 5 príl.  |w 2026-02-21  |y PREZ  |z Prílohy: Transport Burza - v č. 15/16, 18, 20, 22 ; Špeciálna príloha: Inteligentné bezpečnostné kamerové systémy - v č. 21